01090cam a22002771 4500001001300000003000400013005001700017008004100034010001700075035001900092040005100111042001200162043001200174050001800186082001100204100002100215245018000236260009200416300004400508410007000552504002800622650003700650740005900687740004900746999001700795e 54000036 DLC20260227111235.0790412s1954 dcua b f000 0 eng c ae 54000036  a(OCoLC)4851477 aU.S. Office of Education. LibrarycICharEdDLC apremarc an-us---00aLB3325.M8bT3 a371.621 aTaylor, James L.10aPlanning and designing the multipurpose room in elementary schools;bits meaning, characteristics, and uses as reflected in survey reports from all States, Hawaii, and Alaska. a[Washington]bU.S. Dept. of Health, Education, and Welfare, Office of Educationc[1954] avi, 48 p.billus., diagrs.c20 x 26 cm.10aUnited States.bOffice of Education.tSpecial publication,vno. 3 aBibliography: p. 47-48. 0aSchool buildingszUnited States.0 aDesigning the multipurpose room in elementary schools.4 aThe multipurpose room in elementary schools. c22224d22224